000 00554nam a22002177a 4500
003 UA-OsUOA
001 44269
007 ta
008 20070219b un ||||| |||| 00| 0 ukr d
100 _aБриж Є.
090 _a32
_bБ-11
942 _cSA
040 _aUA-OsUOA
_bukr
_cUA-OsUOA
_dUA-OsUOA
245 _aЄвнег Захаров: Політична діяльність і правозахист несумісні
300 _aС.4
955 _a0
041 _aukr
080 _a32
773 0 _w44268
650 7 _a32 Політика
_2UDC
999 _c330388
_d330388